| 000 | 01425nam a2200301Ia 4500 | ||
|---|---|---|---|
| 999 |
_c4849 _d4849 |
||
| 003 | OSt | ||
| 005 | 20200516005858.0 | ||
| 008 | 191128s2008 sp fr 001 0 spa d | ||
| 020 | _a9788448166953 | ||
| 040 |
_aCO-JMCR _cCO-JMCR |
||
| 041 | 0 | _aspa | |
| 082 | 0 | 4 |
_a330 / _bA282e _223 |
| 100 | 1 |
_aAguiar, Fernando, _ecoordinador _94475 |
|
| 245 | 1 | 0 |
_aEconomía, sociedad y teoría de juegos : _cCoordinadores Fernando Aguiar, Julia Barragán, Nelson Lara |
| 250 | _aPrimera edición | ||
| 260 |
_aMadrid : _bMcGraw-Hill : Interamericana de España, _c2008 |
||
| 300 |
_axv, 244 páginas ; _c24 cm. |
||
| 500 | _aIncluye índice analítico . | ||
| 504 | _aBibliografía: páginas 223-239 | ||
| 505 | 0 | _aEconomía y juegos -- La teoría de juegos y el lenguaje -- Sociología y teoría de juegos. Una relectura de la obra de Neil Smelser -- Coordinación y convención -- Libertad, justicia y juegos | |
| 520 | _aLa teoría de juegos permite construir relaciones multidisciplinarias que promueven respuestas a los principales interrogantes de las ciencias sociales y humanas. Así de la mano de la teoría de juegos la economía vive una auténtica revolución en sus método | ||
| 650 | 1 | 4 |
_aEconomía _94476 |
| 650 | 1 | 4 |
_aTeoria de los juegos _94477 |
| 650 | 1 | 4 |
_aModelos matemáticos _91740 |
| 700 | 1 |
_aBarragán, Julia, _ecoordinadora _94478 |
|
| 700 | 1 |
_aLara, Nelson, _ecoordinador _94479 |
|
| 942 |
_2ddc _cBK |
||